| 000 | 00929nam a2200289 a 4500 | ||
|---|---|---|---|
| 001 | 47302 | ||
| 003 | BD-RjUL | ||
| 005 | 20211209054306.0 | ||
| 008 | 160808s1965 ii b 001 0 eng | ||
| 035 | _a(BD-RjUL)47421 | ||
| 040 |
_aDLC _cDLC _dDLC _dBD-RjUL _beng |
||
| 041 | _aeng | ||
| 082 | 0 | 0 |
_a302.23 _223 _bEMI 1965 |
| 100 | 1 |
_aEmery, Edwin _9143972 |
|
| 245 | 1 | 0 |
_aIntroduction to mass communications / _c[by] Edwin Emery, Phillip H. Ault [and] Warren K. Agee / |
| 250 | _a2d ed. | ||
| 260 |
_aIndia : _bVakils, feffer and simons pivate ltd. ; _c1965 [Reprint 1969] |
||
| 300 |
_axii, 434 p. ; _c24 cm. |
||
| 500 | _aIncludes index | ||
| 504 | _aBibliography: p. 399-422. | ||
| 650 | 0 |
_aMass media. _9143973 |
|
| 700 | 1 | 1 |
_aAult, Phillip H., _d1914- _ejoint author. _9143974 |
| 700 | 1 |
_aAgee, Warren Kendall, _ejoint author. _9143975 |
|
| 740 | _aMass communications. | ||
| 942 |
_2ddc _cBK |
||
| 999 |
_c47302 _d47302 |
||